<?xml version="1.0" encoding="UTF-8"?>
<record
    xmlns:xsi="http://www.w3.org/2001/XMLSchema-instance"
    xsi:schemaLocation="http://www.loc.gov/MARC21/slim http://www.loc.gov/standards/marcxml/schema/MARC21slim.xsd"
    xmlns="http://www.loc.gov/MARC21/slim">

  <leader>00339nam a2200145Ia 4500</leader>
  <controlfield tag="008">191201s2013    xx            000 0 und d</controlfield>
  <datafield tag="082" ind1=" " ind2=" ">
    <subfield code="a">005.43</subfield>
    <subfield code="b">TAP</subfield>
  </datafield>
  <datafield tag="100" ind1=" " ind2=" ">
    <subfield code="a">TAXALI,R K</subfield>
  </datafield>
  <datafield tag="245" ind1=" " ind2="0">
    <subfield code="a">PC Software for windows 98 made simple</subfield>
  </datafield>
  <datafield tag="250" ind1=" " ind2=" ">
    <subfield code="a">rep</subfield>
  </datafield>
  <datafield tag="260" ind1=" " ind2=" ">
    <subfield code="a">N. delhi</subfield>
    <subfield code="b">TMH</subfield>
    <subfield code="c">2013</subfield>
  </datafield>
  <datafield tag="300" ind1=" " ind2=" ">
    <subfield code="a">735</subfield>
  </datafield>
  <datafield tag="650" ind1=" " ind2=" ">
    <subfield code="a">BBA</subfield>
  </datafield>
  <datafield tag="942" ind1=" " ind2=" ">
    <subfield code="2">ddc</subfield>
    <subfield code="c">BK</subfield>
    <subfield code="0">7</subfield>
  </datafield>
  <datafield tag="999" ind1=" " ind2=" ">
    <subfield code="c">5960</subfield>
    <subfield code="d">5960</subfield>
  </datafield>
  <datafield tag="952" ind1=" " ind2=" ">
    <subfield code="0">0</subfield>
    <subfield code="1">0</subfield>
    <subfield code="2">ddc</subfield>
    <subfield code="4">0</subfield>
    <subfield code="7">0</subfield>
    <subfield code="8">BBA</subfield>
    <subfield code="a">PIET</subfield>
    <subfield code="b">PIET</subfield>
    <subfield code="d">2014-07-26</subfield>
    <subfield code="e">Orange Books International</subfield>
    <subfield code="g">225.00</subfield>
    <subfield code="k">4542</subfield>
    <subfield code="l">1</subfield>
    <subfield code="o">005.43 TAP</subfield>
    <subfield code="p">24558</subfield>
    <subfield code="r">2021-03-16 00:00:00</subfield>
    <subfield code="s">2021-01-14</subfield>
    <subfield code="v">157.50</subfield>
    <subfield code="w">2014-07-23</subfield>
    <subfield code="y">BK</subfield>
  </datafield>
  <datafield tag="952" ind1=" " ind2=" ">
    <subfield code="0">0</subfield>
    <subfield code="1">0</subfield>
    <subfield code="2">ddc</subfield>
    <subfield code="4">0</subfield>
    <subfield code="7">0</subfield>
    <subfield code="8">BBA</subfield>
    <subfield code="a">PIET</subfield>
    <subfield code="b">PIET</subfield>
    <subfield code="d">2014-07-26</subfield>
    <subfield code="e">Orange Books International</subfield>
    <subfield code="g">225.00</subfield>
    <subfield code="k">4542</subfield>
    <subfield code="l">2</subfield>
    <subfield code="o">005.43 TAP</subfield>
    <subfield code="p">24559</subfield>
    <subfield code="r">2021-02-24 00:00:00</subfield>
    <subfield code="s">2021-02-09</subfield>
    <subfield code="v">157.50</subfield>
    <subfield code="w">2014-07-23</subfield>
    <subfield code="y">BK</subfield>
  </datafield>
  <datafield tag="952" ind1=" " ind2=" ">
    <subfield code="0">0</subfield>
    <subfield code="1">0</subfield>
    <subfield code="2">ddc</subfield>
    <subfield code="4">0</subfield>
    <subfield code="7">0</subfield>
    <subfield code="8">BBA</subfield>
    <subfield code="a">PIET</subfield>
    <subfield code="b">PIET</subfield>
    <subfield code="d">2014-07-26</subfield>
    <subfield code="e">Orange Books International</subfield>
    <subfield code="g">225.00</subfield>
    <subfield code="k">4542</subfield>
    <subfield code="l">2</subfield>
    <subfield code="o">005.43 TAP</subfield>
    <subfield code="p">24560</subfield>
    <subfield code="r">2022-11-17 00:00:00</subfield>
    <subfield code="s">2022-10-12</subfield>
    <subfield code="v">157.50</subfield>
    <subfield code="w">2014-07-23</subfield>
    <subfield code="y">BK</subfield>
  </datafield>
  <datafield tag="952" ind1=" " ind2=" ">
    <subfield code="0">0</subfield>
    <subfield code="1">0</subfield>
    <subfield code="2">ddc</subfield>
    <subfield code="4">0</subfield>
    <subfield code="7">0</subfield>
    <subfield code="8">BBA</subfield>
    <subfield code="a">PIET</subfield>
    <subfield code="b">PIET</subfield>
    <subfield code="d">2014-07-26</subfield>
    <subfield code="e">Orange Books International</subfield>
    <subfield code="g">225.00</subfield>
    <subfield code="k">4542</subfield>
    <subfield code="l">0</subfield>
    <subfield code="o">005.43 TAP</subfield>
    <subfield code="p">24561</subfield>
    <subfield code="r">2019-12-04 00:00:00</subfield>
    <subfield code="v">157.50</subfield>
    <subfield code="w">2014-07-23</subfield>
    <subfield code="y">BK</subfield>
  </datafield>
  <datafield tag="952" ind1=" " ind2=" ">
    <subfield code="0">0</subfield>
    <subfield code="1">0</subfield>
    <subfield code="2">ddc</subfield>
    <subfield code="4">0</subfield>
    <subfield code="7">0</subfield>
    <subfield code="8">BBA</subfield>
    <subfield code="a">PIET</subfield>
    <subfield code="b">PIET</subfield>
    <subfield code="d">2014-07-26</subfield>
    <subfield code="e">Orange Books International</subfield>
    <subfield code="g">225.00</subfield>
    <subfield code="k">4542</subfield>
    <subfield code="l">2</subfield>
    <subfield code="o">005.43 TAP</subfield>
    <subfield code="p">24562</subfield>
    <subfield code="r">2021-01-22 00:00:00</subfield>
    <subfield code="s">2021-01-12</subfield>
    <subfield code="v">157.50</subfield>
    <subfield code="w">2014-07-23</subfield>
    <subfield code="y">BK</subfield>
  </datafield>
</record>
